banner-ar

درايدن والشعر المسرحى / (Record no. 47521)

MARC details
000 -الفاتح
حقل البيانات ثابتة الطول 00656nam a2200205Ia 4500
008 - عناصر البيانات ثابتة الطول - معلومات عامة
حقل البيانات ثابتة الطول 140319s9999 xx 000 0 ara d
040 ## - مصدر الفهرسة
وكالة الفهرسة الأصلية GCL /
وكالة النسخ GCL
082 04 - رقم تصنيف ديوى العشرى
رقم التصنيف 822
رقم المادة م د
100 1# - المدخل الرئيسى - إسم شخصى
الإسم الشخصى مجدى وهبة
245 10 - بيان العنوان
العنوان درايدن والشعر المسرحى /
بيان المسئوليه,etc مجدى وهبة
700 1# - المدخل الاضافى - اسم شخصى
الإسم الشخصى محمد عنانى
300 ## - الوصف المادى
التعداد 158 ص
490 ## - بيان السلسلة
عنوان السلسلة الكلاسيكية الجديدة فى المسرح
رقم المجلد/ التعيين التسلسلي 0
650 04 - المدخل الاضافى بالموضوع-مصطلح موضوعى
مصطلح موضوعي العصر الحديث
650 04 - المدخل الاضافى بالموضوع-مصطلح موضوعى
مصطلح موضوعي الادب الانجليزى
650 04 - المدخل الاضافى بالموضوع-مصطلح موضوعى
مصطلح موضوعي الشعر المسرحى
650 04 - المدخل الاضافى بالموضوع-مصطلح موضوعى
مصطلح موضوعي المسرحيات الانجليزية - ـتاريخ ونقد
942 ## - عناصر المدخل الإضافي( كوها)
مصدر التصنيف او مخطط الترفيف Dewey Decimal Classification
Koha [default] item type كتاب
Holdings
حالة التراجع حالة الفقد حالة تلف ليس للاعارة المكان المؤقت الموقع الحالى تاريخ الاكتساب اجمالي اﻻعارات رقم الطلب الباركود تاريخ اخر مشاهدة تاريخ تفعيل السعر نوع وعاء كوها
        مكتبة القاهرة الكبرى مكتبة القاهرة الكبرى 03/26/2014   822\م د 114762 03/26/2014 03/26/2014 كتاب

Powered By

EGPV